Calidad del recurso hídrico de Bogotá (2008-2009) (Registro nro. 7370)

Detalles MARC
000 -CABECERA
Campo de control 00872nam a22002177a 4500
005 - FECHA Y HORA DE LA ULTIMA TRANSACCION
Campo de control 20140826143524.0
008 - ELEMENTOS DE LONGITUD FIJA—INFORMACION GENERAL
Campo de control 110127s2010 ck ab gr 000 0 spa d
020 ## - ISBN
ISBN 9789586954877
041 ## - IDIOMA
Código de idioma para texto/pista de sonido o título separado Español
082 04 - NUMERO DE CLASIFICACION DECIMAL DEWEY
Número de clasificación 628.161
Número del ítem R69c
100 1# - ASIENTO PRINCIPAL--NOMBRE PERSONAL
Nombre personal Rodríguez Susa, Manuel
245 10 - MENCION DE TITULO
Título Calidad del recurso hídrico de Bogotá (2008-2009)
Mención de responsabilidad Manuel Salvador Rodríguez Susa
260 ## - PUBLICACION, DISTRIBUCION, ETC. (PIE DE IMPRENTA)
Lugar de publicación, distribución, etc. Bogotá
Nombre del editor, distribuidor, etc. Universidad de Los Andes
-- Alcaldía Mayor de Bogotá, Secretaría Distrital de Ambiente
Fecha de publicación, distribución, etc. 2010
300 ## - DESCRIPCION FISICA
Extensión 264 p.
Otros detalles físicos il., mapas
Dimensiones 28 cm.
504 ## - NOTA DE BIBLIOGRAFIA, ETC.
Nota de bibliografía Incluye referencias bibliográficas (pag - 249)
650 17 - ASIENTO SECUNDARIO DE MATERIA - TERMINO TEMATICO
Término temático o nombre geográfico como elemento de entrada Calidad del agua
Subdivisión general Investigaciones
Subdivisión geográfica Bogotá
650 17 - ASIENTO SECUNDARIO DE MATERIA - TERMINO TEMATICO
Término temático o nombre geográfico como elemento de entrada Contaminación del agua
Subdivisión general Investigaciones
Subdivisión geográfica Bogotá
650 17 - ASIENTO SECUNDARIO DE MATERIA - TERMINO TEMATICO
Término temático o nombre geográfico como elemento de entrada Análisis del agua
Subdivisión geográfica Bogotá
650 17 - ASIENTO SECUNDARIO DE MATERIA - TERMINO TEMATICO
Término temático o nombre geográfico como elemento de entrada Recursos hídricos
Subdivisión general Investigaciones
Subdivisión geográfica Bogotá
942 ## - ELEMENTOS ADICIONALES (KOHA)
Sistema de clasificación Dewey Decimal Classification
Tipo de ítem Libro
Existencias
Withdrawn status Lost status Sistema de Clasificación Damaged status No para préstamo Colección Inventariado Ubicación Permanente Ubicación actual Fecha de adquisición Fuente de Valor Valor Total Checkouts Número topográfico Inventario / Código de Barras Date last seen Ejemplar Price effective from Forma de adquisición Tipo de material
    Dewey Decimal Classification     General Inventariado 2017 Bogotá Bogotá 15/07/2013 Instituto 39000.00   LB-628.161 R69c 028778 15/07/2013 Ej. 1 15/07/2013   Libro